Normal view
MARC view
- Andales, Frienjay C.
Entry Personal Name
001 - CONTROL NUMBER
- control field: 20605
003 - CONTROL NUMBER IDENTIFIER
- control field: OSt
005 - DATE AND TIME OF LATEST TRANSACTION
- control field: 20170428095551.0
008 - FIXED-LENGTH DATA ELEMENTS
- fixed length control field: 170428|| aca||aabn | a|a d
040 ## - CATALOGING SOURCE
- Original cataloging agency: OSt
100 ## - HEADING--PERSONAL NAME
- Personal name: Andales, Frienjay C.
